UM Logo
Normal view MARC view
  • Diesel trucks

Entry Topical Term

Number of records used in: 1

001 - CONTROL NUMBER

  • control field: 46642

003 - CONTROL NUMBER IDENTIFIER

  • control field: OSt

005 - DATE AND TIME OF LATEST TRANSACTION

  • control field: 20221104190748.0

008 - FIXED-LENGTH DATA ELEMENTS

  • fixed length control field: 221104|| aca||aabn | a|a d

040 ## - CATALOGING SOURCE

  • Original cataloging agency: OSt
  • Transcribing agency: OSt

150 ## - HEADING--TOPICAL TERM

  • Topical term or geographic name entry element: Diesel trucks
  • General subdivision: Air conditioning.

670 ## - SOURCE DATA FOUND

  • Source citation: Work cat.: (OSt): Dixon, John. 46640, Modern diesel technology : , ©2014.